MARC details
| 000 -LEADER |
| fixed length control field |
04832cas a2200973 a 4500 |
| 001 - CONTROL NUMBER |
| control field |
11314076 |
| 003 - CONTROL NUMBER IDENTIFIER |
| control field |
OSt |
| 005 - DATE AND TIME OF LATEST TRANSACTION |
| control field |
20250901165754.0 |
| 008 - FIXED-LENGTH DATA ELEMENTS--GENERAL INFORMATION |
| fixed length control field |
860226c19869999njuqr p 0 a0eng c |
| 010 ## - LIBRARY OF CONGRESS CONTROL NUMBER |
| LC control number |
86643667 |
| Canceled/invalid LC control number |
sn 86013758 |
| 016 7# - NATIONAL BIBLIOGRAPHIC AGENCY CONTROL NUMBER |
| Record control number |
8607003 |
| Source |
DNLM |
| 016 7# - NATIONAL BIBLIOGRAPHIC AGENCY CONTROL NUMBER |
| Record control number |
SR0056775 |
| Source |
DNLM |
| 022 0# - INTERNATIONAL STANDARD SERIAL NUMBER |
| International Standard Serial Number |
0887-378X |
| ISSN-L [OBSOLETE] |
0887-378X |
| Source |
1 |
| 030 ## - CODEN DESIGNATION |
| CODEN |
MIQUES |
| 032 ## - POSTAL REGISTRATION NUMBER |
| Postal registration number |
436610 |
| Source agency assigning number |
USPS |
| 035 ## - SYSTEM CONTROL NUMBER |
| System control number |
(OCoLC)ocm13200708 |
| 040 ## - CATALOGING SOURCE |
| Original cataloging agency |
NSD |
| Language of cataloging |
eng |
| Transcribing agency |
NSD |
| Modifying agency |
DLC |
| -- |
NST |
| -- |
NLM |
| -- |
NSD |
| -- |
IUL |
| -- |
NYG |
| -- |
NST |
| -- |
HUL |
| -- |
NST |
| -- |
HUL |
| -- |
DLC |
| -- |
NST |
| -- |
NSD |
| -- |
NST |
| -- |
NSD |
| -- |
OCL |
| -- |
NLM |
| -- |
OCL |
| -- |
SYS |
| -- |
CUS |
| -- |
OCLCQ |
| -- |
MYG |
| -- |
OCLCQ |
| -- |
MUQ |
| -- |
NLGGC |
| -- |
EYM |
| -- |
OCLCA |
| -- |
DLC |
| -- |
CRU |
| -- |
OCLCQ |
| -- |
OCLCO |
| -- |
CUS |
| -- |
OCLCQ |
| -- |
OCLCF |
| -- |
OCLCO |
| -- |
EUW |
| -- |
OCLCO |
| -- |
DLC |
| -- |
OCLCQ |
| -- |
OCLCO |
| -- |
CASUM |
| -- |
OCLCA |
| -- |
OCLCO |
| -- |
OCLCA |
| -- |
OCLCQ |
| -- |
IL4J6 |
| -- |
PUL |
| -- |
OCLCL |
| 042 ## - AUTHENTICATION CODE |
| Authentication code |
pcc |
| -- |
nsdp |
| 043 ## - GEOGRAPHIC AREA CODE |
| Geographic area code |
n-us--- |
| 050 00 - LIBRARY OF CONGRESS CALL NUMBER |
| Classification number |
RA 418 .3.U6 M54 2005 |
| Item number |
M54 |
| 050 14 - LIBRARY OF CONGRESS CALL NUMBER |
| Classification number |
HV97.M6 |
| Item number |
A3222 |
| 060 00 - NATIONAL LIBRARY OF MEDICINE CALL NUMBER |
| Classification number |
W1 |
| Item number |
MI483P |
| 082 00 - DEWEY DECIMAL CLASSIFICATION NUMBER |
| Classification number |
362.1/0973 |
| Edition information |
19 |
| 210 0# - ABBREVIATED TITLE |
| Abbreviated title |
Milbank q. |
| 222 #4 - KEY TITLE |
| Key title |
The Milbank quarterly |
| 245 04 - TITLE STATEMENT |
| Title |
The Milbank quarterly. |
| 260 ## - PUBLICATION, DISTRIBUTION, ETC. |
| Materials specified |
1986- : |
| Place of publication, distribution, etc. |
New York, NY : |
| Name of publisher, distributor, etc. |
Published for the Milbank Memorial Fund by Cambridge University Press, |
| Date of publication, distribution, etc. |
1986- |
| 260 3# - PUBLICATION, DISTRIBUTION, ETC. |
| Materials specified |
<March 2015-> : |
| Place of publication, distribution, etc. |
Hoboken, NJ : |
| Name of publisher, distributor, etc. |
Published on behalf of the Milbank Memorial Fund by Wiley Subscription Services, Inc. |
| 300 ## - PHYSICAL DESCRIPTION |
| Extent |
volumes : |
| Other physical details |
illustrations, portraits ; |
| Dimensions |
24 cm |
| 310 ## - CURRENT PUBLICATION FREQUENCY |
| Current publication frequency |
Quarterly |
| 336 ## - CONTENT TYPE |
| Content type term |
text |
| Content type code |
txt |
| Source |
rdacontent |
| 337 ## - MEDIA TYPE |
| Media type term |
unmediated |
| Media type code |
n |
| Source |
rdamedia |
| 338 ## - CARRIER TYPE |
| Carrier type term |
volume |
| Carrier type code |
nc |
| Source |
rdacarrier |
| 362 0# - DATES OF PUBLICATION AND/OR SEQUENTIAL DESIGNATION |
| Dates of publication and/or sequential designation |
Vol. 64, no. 1- |
| 525 ## - SUPPLEMENT NOTE |
| Supplement note |
Has supplements. |
| 530 ## - ADDITIONAL PHYSICAL FORM AVAILABLE NOTE |
| Additional physical form available note |
Also issued on microfilm by University Microfilms International. |
| 530 ## - ADDITIONAL PHYSICAL FORM AVAILABLE NOTE |
| Additional physical form available note |
Also issued online. |
| 588 ## - SOURCE OF DESCRIPTION NOTE |
| Source of description note |
Latest issue consulted: Volume 93, number 1 (March 2015). |
| 590 ## - LOCAL NOTE (RLIN) |
| Local note |
SERBIB/SERLOC merged record |
| 610 20 - SUBJECT ADDED ENTRY--CORPORATE NAME |
| Corporate name or jurisdiction name as entry element |
Milbank Memorial Fund |
| Form subdivision |
Periodicals. |
| 610 27 - SUBJECT ADDED ENTRY--CORPORATE NAME |
| Corporate name or jurisdiction name as entry element |
Milbank Memorial Fund. |
| Source of heading or term |
fast |
| Authority record control number or standard number |
(OCoLC)fst00537491 |
| 650 #0 - SUBJECT ADDED ENTRY--TOPICAL TERM |
| Topical term or geographic name entry element |
Social medicine |
| Geographic subdivision |
United States |
| Form subdivision |
Periodicals. |
| 650 #0 - SUBJECT ADDED ENTRY--TOPICAL TERM |
| Topical term or geographic name entry element |
Medical policy |
| Geographic subdivision |
United States |
| Form subdivision |
Periodicals. |
| 650 #0 - SUBJECT ADDED ENTRY--TOPICAL TERM |
| Topical term or geographic name entry element |
Medical economics |
| Geographic subdivision |
United States |
| Form subdivision |
Periodicals. |
| 650 #0 - SUBJECT ADDED ENTRY--TOPICAL TERM |
| Topical term or geographic name entry element |
Health insurance |
| Geographic subdivision |
United States |
| Form subdivision |
Periodicals. |
| 650 #0 - SUBJECT ADDED ENTRY--TOPICAL TERM |
| Topical term or geographic name entry element |
Public health |
| Form subdivision |
Periodicals. |
| 650 #2 - SUBJECT ADDED ENTRY--TOPICAL TERM |
| Topical term or geographic name entry element |
Delivery of Health Care. |
| 650 #2 - SUBJECT ADDED ENTRY--TOPICAL TERM |
| Topical term or geographic name entry element |
Public Health. |
| 650 #6 - SUBJECT ADDED ENTRY--TOPICAL TERM |
| Topical term or geographic name entry element |
Médecine sociale |
| Geographic subdivision |
États-Unis |
| Form subdivision |
Périodiques. |
| 650 #6 - SUBJECT ADDED ENTRY--TOPICAL TERM |
| Topical term or geographic name entry element |
Politique sanitaire |
| Geographic subdivision |
États-Unis |
| Form subdivision |
Périodiques. |
| 650 #6 - SUBJECT ADDED ENTRY--TOPICAL TERM |
| Topical term or geographic name entry element |
Économie de la santé |
| Geographic subdivision |
États-Unis |
| Form subdivision |
Périodiques. |
| 650 #6 - SUBJECT ADDED ENTRY--TOPICAL TERM |
| Topical term or geographic name entry element |
Assurance-maladie |
| Geographic subdivision |
États-Unis |
| Form subdivision |
Périodiques. |
| 650 #6 - SUBJECT ADDED ENTRY--TOPICAL TERM |
| Topical term or geographic name entry element |
Santé publique |
| Form subdivision |
Périodiques. |
| 650 #7 - SUBJECT ADDED ENTRY--TOPICAL TERM |
| Topical term or geographic name entry element |
Health insurance. |
| Source of heading or term |
fast |
| Authority record control number or standard number |
(OCoLC)fst01715839 |
| 650 #7 - SUBJECT ADDED ENTRY--TOPICAL TERM |
| Topical term or geographic name entry element |
Medical economics. |
| Source of heading or term |
fast |
| Authority record control number or standard number |
(OCoLC)fst01014004 |
| 650 #7 - SUBJECT ADDED ENTRY--TOPICAL TERM |
| Topical term or geographic name entry element |
Medical policy. |
| Source of heading or term |
fast |
| Authority record control number or standard number |
(OCoLC)fst01014505 |
| 650 #7 - SUBJECT ADDED ENTRY--TOPICAL TERM |
| Topical term or geographic name entry element |
Public health. |
| Source of heading or term |
fast |
| Authority record control number or standard number |
(OCoLC)fst01082238 |
| 650 #7 - SUBJECT ADDED ENTRY--TOPICAL TERM |
| Topical term or geographic name entry element |
Social medicine. |
| Source of heading or term |
fast |
| Authority record control number or standard number |
(OCoLC)fst01122637 |
| 650 17 - SUBJECT ADDED ENTRY--TOPICAL TERM |
| Topical term or geographic name entry element |
Geneeskunde. |
| Source of heading or term |
gtt |
| 650 #7 - SUBJECT ADDED ENTRY--TOPICAL TERM |
| Topical term or geographic name entry element |
Social medicine |
| Geographic subdivision |
United States |
| Form subdivision |
Periodicals. |
| Source of heading or term |
nli |
| 650 #7 - SUBJECT ADDED ENTRY--TOPICAL TERM |
| Topical term or geographic name entry element |
Medical policy |
| Geographic subdivision |
United States |
| Form subdivision |
Periodicals. |
| Source of heading or term |
nli |
| 650 #7 - SUBJECT ADDED ENTRY--TOPICAL TERM |
| Topical term or geographic name entry element |
Medical economics |
| Geographic subdivision |
United States |
| Form subdivision |
Periodicals. |
| Source of heading or term |
nli |
| 650 #7 - SUBJECT ADDED ENTRY--TOPICAL TERM |
| Topical term or geographic name entry element |
Health insurance |
| Geographic subdivision |
United States |
| Form subdivision |
Periodicals. |
| Source of heading or term |
nli |
| 650 #7 - SUBJECT ADDED ENTRY--TOPICAL TERM |
| Topical term or geographic name entry element |
Public health |
| Form subdivision |
Periodicals. |
| Source of heading or term |
nli |
| 651 #2 - SUBJECT ADDED ENTRY--GEOGRAPHIC NAME |
| Geographic name |
United States. |
| 651 #7 - SUBJECT ADDED ENTRY--GEOGRAPHIC NAME |
| Geographic name |
United States. |
| Source of heading or term |
fast |
| Authority record control number or standard number |
(OCoLC)fst01204155 |
| Real World Object URI |
https://id.oclc.org/worldcat/entity/E39PBJtxgQXMWqmjMjjwXRHgrq |
| 655 #2 - INDEX TERM--GENRE/FORM |
| Genre/form data or focus term |
Periodical. |
| 655 #4 - INDEX TERM--GENRE/FORM |
| Genre/form data or focus term |
Fulltext. |
| 655 #4 - INDEX TERM--GENRE/FORM |
| Genre/form data or focus term |
Periodicals. |
| 655 #4 - INDEX TERM--GENRE/FORM |
| Genre/form data or focus term |
Internet Resources. |
| 655 #7 - INDEX TERM--GENRE/FORM |
| Genre/form data or focus term |
Periodicals. |
| Source of term |
fast |
| Authority record control number or standard number |
(OCoLC)fst01411641 |
| 655 #7 - INDEX TERM--GENRE/FORM |
| Genre/form data or focus term |
Periodicals. |
| Source of term |
lcgft |
| Authority record control number or standard number |
http://id.loc.gov/authorities/genreForms/gf2014026139 |
| -- |
(uri) http://id.loc.gov/authorities/genreForms/gf2014026139 |
| 655 #7 - INDEX TERM--GENRE/FORM |
| Genre/form data or focus term |
Periodicals. |
| Source of term |
rbgenr |
| 710 2# - ADDED ENTRY--CORPORATE NAME |
| Corporate name or jurisdiction name as entry element |
Milbank Memorial Fund. |
| 776 1# - ADDITIONAL PHYSICAL FORM ENTRY |
| Title |
Milbank quarterly (Online) |
| International Standard Serial Number |
1468-0009 |
| Record control number |
(DLC) 2002211513 |
| -- |
(OCoLC)34945088 |
| 776 08 - ADDITIONAL PHYSICAL FORM ENTRY |
| Relationship information |
Online version: |
| Title |
Milbank quarterly |
| Record control number |
(OCoLC)676721547 |
| 780 00 - PRECEDING ENTRY |
| Title |
Milbank Memorial Fund quarterly. Health and society |
| International Standard Serial Number |
0160-1997 |
| Record control number |
(DLC) 86643666 |
| -- |
(OCoLC)2500467 |
| 906 ## - LOCAL DATA ELEMENT F, LDF (RLIN) |
| a |
7 |
| b |
cbc |
| c |
serials |
| d |
3 |
| e |
ncip |
| f |
19 |
| g |
n-oclcserc |
| 942 ## - ADDED ENTRY ELEMENTS (KOHA) |
| Source of classification or shelving scheme |
Library of Congress Classification |
| Koha item type |
Books |